000
00221nam a22000857a 4500
008
161017b xxu||||| |||| 00| 0 eng d
100
_9
869
_a
Lewis.C.S.
245
_a
The Voyage Dawn Treader
260
_a
USA
_b
HT Publications
_c
1980
999
_c
3522
_d
3522